00496 a2200157 450000500170000001000150001702000310003203500140006303700130007708200180009010000180010824500740012626000440020027000680024430000260031220211220124706.0 aENG-130420 a978-81-952858-4-6c1080.00 aEN-113952 bDBAD/PUB a335.033054b1 aChadha, Vivek aCDS AND BEYOND:cVivek ChadhabIntegration of the Indian Armed Forces aNew DelhibKW Publishers Pvt Ltd.c2021 a4676/21, First Floor, Ansari Road, DaryaganjbNew Delhie110002 avii,170p.c21cm (hbk)